[Event "FRA-chT1 1011"]
[Site "France"]
[Date "2010.10.17"]
[Round "1.4"]
[White "Spiess, Gregor"]
[Black "Cau, Benjamin"]
[Result "1-0"]
[WhiteElo "2130"]
[BlackElo "2177"]
[PlyCount "65"]
[EventDate "2010.10.17"]
[EventType "team-tourn"]
[EventRounds "11"]
[EventCountry "FRA"]
[SourceTitle "EXT 2012"]
[Source "ChessBase"]
[SourceDate "2011.11.24"]
[SourceVersion "1"]
[SourceVersionDate "2011.11.24"]
[SourceQuality "1"]

1. d4 d5 2. Bf4 Nf6 3. e3 c5 4. c3 Nc6 5. Bd3 cxd4 6. exd4 Bg4 7. Qb3 Qd7 8. Nd2 e6 9. Ngf3 Bxf3 10. Nxf3 Bd6 11. Bxd6 Qxd6 12. 0-0 Rb8 13. Rae1 0-0 14. Ne5 b5 15. a3 a5 16. Re3 b4 17. axb4 axb4 18. Qd1 bxc3 19. bxc3 Ne7 20. f4 Rfc8 21. Qe1 Qc7 22. Rh3 Rb3 23. Bxh7+ Nxh7 24. Qh4 Nf5 25. Qxh7+ Kf8 26. g4 Nd6 27. Qh8+ Ke7 28. Qxg7 Ne4 29. Nxf7 Rxc3 30. Nd8+ Kd6 31. Qe5+ Ke7 32. Rh7+ Kxd8 33. Qh8# 1-0

[Event "GER-ch internet U18 final"]
[Site "Playchess.com INT"]
[Date "2007.06.20"]
[Round "4"]
[White "Hirneise, Tobias"]
[Black "Spiess, Gregor"]
[Result "1/2-1/2"]
[WhiteElo "2315"]
[BlackElo "2069"]
[PlyCount "95"]
[EventDate "2007.06.20"]
[EventType "swiss (blitz)"]
[EventRounds "7"]
[EventCountry "GER"]
[SourceTitle "EXT 2009"]
[Source "ChessBase"]
[SourceDate "2008.11.26"]
[SourceVersion "1"]
[SourceVersionDate "2008.11.26"]
[SourceQuality "1"]

1. e4 d5 2. exd5 Nf6 3. d4 Nxd5 4. Nf3 g6 5. c4 Nb6 6. Nc3 Bg7 7. c5 Nd5 8. Bc4 c6 9. Qb3 e6 10. Bg5 Qc7 11. 0-0 0-0 12. Bh4 b5 13. cxb6 axb6 14. Bg3 Qd8 15. Ne5 Ba6 16. Bxa6 Rxa6 17. a4 Ne7 18. Rfd1 Nf5 19. Qc4 Nxg3 20. hxg3 Qc7 21. Re1 Rd8 22. Rac1 Qd6 23. Red1 Ra7 24. b3 Rc7 25. f4 Qe7 26. Ne4 Rd5 27. Nc3 Rd8 28. Kh2 h5 29. Na2 h4 30. g4 g5 31. Nf3 gxf4 32. Nc3 c5 33. d5 Bxc3 34. Rxc3 Rcd7 35. Qxf4 Nc6 36. Re3 Rxd5 37. Rxd5 Rxd5 38. Qh6 Qc7+ 39. Kg1 Rd1+ 40. Re1 Rxe1+ 41. Nxe1 Qe5 42. Nf3 Qh8 43. Qg5+ Qg7 44. Qxh4 f6 45. g5 fxg5 46. Qe4 Qd7 47. Kh2 Qd6+ 48. Kh3 1/2-1/2

[Event "GER-ch internet U18 final"]
[Site "Playchess.com INT"]
[Date "2007.06.20"]
[Round "3"]
[White "Spiess, Gregor"]
[Black "Fink, Leander"]
[Result "1-0"]
[WhiteElo "2069"]
[BlackElo "2038"]
[PlyCount "81"]
[EventDate "2007.06.20"]
[EventType "swiss (blitz)"]
[EventRounds "7"]
[EventCountry "GER"]
[SourceTitle "EXT 2009"]
[Source "ChessBase"]
[SourceDate "2008.11.26"]
[SourceVersion "1"]
[SourceVersionDate "2008.11.26"]
[SourceQuality "1"]

1. d4 Nf6 2. Bf4 d5 3. e3 c6 4. Bd3 Qb6 5. Qc1 Nbd7 6. Nf3 e6 7. 0-0 c5 8. c3 Be7 9. Qc2 Nf8 10. dxc5 Bxc5 11. Nbd2 Ng6 12. Bg3 0-0 13. Rfe1 Bd7 14. a4 a5 15. Ne5 Rfd8 16. Ndf3 Be8 17. Nxg6 hxg6 18. Rad1 Rac8 19. b3 Bf8 20. Be5 Be7 21. Bd4 Qc7 22. e4 dxe4 23. Bxe4 Nxe4 24. Qxe4 Bc6 25. Qe5 Qxe5 26. Nxe5 Be8 27. f4 Rd5 28. Nc4 b5 29. Nb6 Rxd4 30. Nxc8 Rxd1 31. Nxe7+ Kf8 32. Nxg6+ fxg6 33. Rxd1 bxa4 34. bxa4 Bxa4 35. Ra1 Bb3 36. Rxa5 Ke7 37. Kf2 Kf6 38. Ke3 Bd5 39. g4 Bh1 40. h4 Kf7 41. Kd4 1-0

[Event "GER-ch internet U18 final"]
[Site "Playchess.com INT"]
[Date "2007.06.20"]
[Round "2"]
[White "Spiess, Gregor"]
[Black "Rudolf, Sebastian"]
[Result "1-0"]
[WhiteElo "2069"]
[BlackElo "2073"]
[PlyCount "95"]
[EventDate "2007.06.20"]
[EventType "swiss (blitz)"]
[EventRounds "7"]
[EventCountry "GER"]
[SourceTitle "EXT 2009"]
[Source "ChessBase"]
[SourceDate "2008.11.26"]
[SourceVersion "1"]
[SourceVersionDate "2008.11.26"]
[SourceQuality "1"]

1. d4 Nf6 2. Bf4 c5 3. dxc5 Na6 4. Nd2 Nxc5 5. e3 e6 6. Ngf3 Be7 7. Be2 0-0 8. 0-0 d5 9. Re1 b6 10. c4 Bb7 11. a3 Nce4 12. Rc1 Rc8 13. Qb3 Nxd2 14. Nxd2 d4 15. Bf3 dxe3 16. Bxe3 Bxf3 17. Nxf3 Qc7 18. Bg5 h6 19. Bh4 Rfd8 20. Bg3 Qb7 21. Ne5 Nd7 22. Rcd1 Nxe5 23. Rxd8+ Rxd8 24. Bxe5 Qd7 25. Qg3 Bf8 26. h3 Qd2 27. Bc3 Qc2 28. Qf3 Qa4 29. Qf4 Rc8 30. Re4 Qd1+ 31. Kh2 Qd3 32. Rd4 Qe2 33. Rd7 Qh5 34. Rxa7 Rd8 35. Qe4 Bd6+ 36. g3 Bc5 37. Kg2 b5 38. Ra8 Rxa8 39. Qxa8+ Kh7 40. cxb5 Bb6 41. a4 Qc5 42. Qe4+ f5 43. Qf3 Ba7 44. b4 Qc4 45. Bxg7 Qxb4 46. Qb7 Qxa4 47. Bf8+ Kg6 48. Qg7+ 1-0

[Event "GER-ch internet U18 qual 02"]
[Site "Playchess.com INT"]
[Date "2007.05.23"]
[Round "4"]
[White "Spiess, Gregor"]
[Black "Hirneise, Jens"]
[Result "1/2-1/2"]
[WhiteElo "2069"]
[BlackElo "2076"]
[PlyCount "244"]
[EventDate "2007.05.23"]
[EventType "swiss (blitz)"]
[EventRounds "7"]
[EventCountry "GER"]
[SourceTitle "EXT 2009"]
[Source "ChessBase"]
[SourceDate "2008.11.26"]
[SourceVersion "1"]
[SourceVersionDate "2008.11.26"]
[SourceQuality "1"]

1. e4 c5 2. Nf3 Nc6 3. d4 cxd4 4. Nxd4 Nf6 5. Nc3 d6 6. Bc4 e6 7. Be3 Be7 8. Qe2 a6 9. 0-0-0 Qc7 10. g4 Nxd4 11. Bxd4 e5 12. Be3 Bxg4 13. f3 Be6 14. Bxe6 fxe6 15. Rhg1 0-0 16. f4 exf4 17. Bxf4 b5 18. e5 dxe5 19. Bxe5 Qc6 20. Bd6 Bxd6 21. Qxe6+ Kh8 22. Qxd6 Qf3 23. Rg3 Qf5 24. Rdg1 g6 25. Rg5 Qf2 26. Qg3 Qxg3 27. R5xg3 b4 28. Ne2 a5 29. Rd1 Ne4 30. Re3 Nf6 31. Nd4 Rfe8 32. Rf3 Nh5 33. Rf7 Rad8 34. c3 bxc3 35. bxc3 Kg8 36. Ra7 Re5 37. Kc2 Red5 38. Re1 Nf4 39. Ree7 Nh5 40. Rxh7 Rg5 41. Ne6 Rg2+ 42. Kb3 Rb8+ 43. Rhb7 Rxb7+ 44. Rxb7 Rxh2 45. Rb5 Kf7 46. Ng5+ Kf6 47. Ne4+ Kg7 48. Rxa5 Nf4 49. c4 Rh3+ 50. Kb4 Ne6 51. Nc5 Nd4 52. Ra7+ Kh6 53. Nb3 Nc2+ 54. Ka4 Kh5 55. c5 Rc3 56. Kb5 g5 57. c6 Ne3 58. c7 Nd5 59. Nc5 Nxc7+ 60. Rxc7 g4 61. Rg7 Kh4 62. Ne6 g3 63. Nf4 Ra3 64. Rh7+ Kg5 65. Ng2 Rxa2 66. Rg7+ Kf6 67. Rxg3 Rb2+ 68. Kc4 Rb8 69. Kd4 Ke7 70. Ke4 Kd7 71. Kf3 Rb3+ 72. Kf2 Rxg3 73. Kg1 Ke6 74. Kf2 Rg8 75. Kf3 Kf5 76. Kf2 Ra8 77. Kf3 Ra3+ 78. Kf2 Kg4 79. Ne1 Kf4 80. Ke2 Ra2+ 81. Kd1 Ke3 82. Nc2+ Kd3 83. Ne1+ Kc3 84. Nf3 Rf2 85. Ne1 Rf1 86. Ke2 Rf8 87. Ke3 Re8+ 88. Kf2 Kd2 89. Nf3+ Kd3 90. Ne1+ Kd2 91. Nf3+ Kd1 92. Kf1 Rf8 93. Kf2 Kc2 94. Ke2 Kc3 95. Ke3 Kc4 96. Ke4 Re8+ 97. Kf4 Kd5 98. Kf5 Rf8+ 99. Kg4 Ke4 100. Ng5+ Ke3 101. Nh3 Rg8+ 102. Ng5 Rg7 103. Kf5 Kd3 104. Ne6 Ra7 105. Ke5 Kc4 106. Kd6 Kb5 107. Ke5 Ra6 108. Kd5 Ra1 109. Nd4+ Kb4 110. Nc6+ Kc3 111. Ne5 Ra5+ 112. Ke4 Ra4+ 113. Kd5 Rh4 114. Kc5 Kc2 115. Kd5 Rh1 116. Kc5 Rd1 117. Nc4 Kc3 118. Ne3 Rh1 119. Nd5+ Kd3 120. Nb4+ Ke4 121. Kc4 Rh5 122. Nc2 Kf3 1/2-1/2

[Event "Berlin Lichtenberger op 6th"]
[Site "Berlin"]
[Date "2007.??.??"]
[Round "?"]
[White "Spiess, Gregor"]
[Black "Rozov, Boris"]
[Result "1/2-1/2"]
[WhiteElo "2069"]
[BlackElo "2186"]
[PlyCount "82"]
[EventDate "2007.08.18"]
[EventType "swiss"]
[EventRounds "9"]
[EventCountry "GER"]
[SourceTitle "CBM 120 Extra"]
[Source "ChessBase"]
[SourceDate "2007.11.01"]
[SourceVersion "1"]
[SourceVersionDate "2007.11.01"]
[SourceQuality "1"]

1. d4 Nf6 2. Bf4 d5 3. e3 Bf5 4. c4 e6 5. Qb3 Qc8 6. Nc3 c6 7. Nf3 Nbd7 8. Be2 dxc4 9. Bxc4 Nb6 10. Be2 Nbd5 11. Be5 Nb4 12. 0-0 Bc2 13. Qa3 Qd8 14. Bxf6 gxf6 15. Nb1 Bg6 16. Qb3 Nc2 17. Qxb7 Rc8 18. Nc3 Nxa1 19. Rxa1 Qd7 20. Qxd7+ Kxd7 21. Rd1 Rb8 22. b3 Bb4 23. Na4 Ke7 24. Rc1 Rbc8 25. Kf1 Be4 26. Nc5 Bxc5 27. Rxc5 Bxf3 28. Bxf3 Kd6 29. Ke2 Rhg8 30. h4 f5 31. g3 Rc7 32. Kd2 Rb8 33. Be2 f6 34. Bd3 h6 35. Kc3 Rg7 36. b4 Rgb7 37. a3 Rb6 38. Kc2 Ke7 39. Kc3 Rd8 40. Bc4 Kd6 41. Bd3 Ke7 1/2-1/2

[Event "Berlin Lichtenberger op 6th"]
[Site "Berlin"]
[Date "2007.??.??"]
[Round "?"]
[White "Syperek, Sebastian"]
[Black "Spiess, Gregor"]
[Result "1/2-1/2"]
[WhiteElo "2243"]
[BlackElo "2069"]
[PlyCount "34"]
[EventDate "2007.08.18"]
[EventType "swiss"]
[EventRounds "9"]
[EventCountry "GER"]
[SourceTitle "CBM 120 Extra"]
[Source "ChessBase"]
[SourceDate "2007.11.01"]
[SourceVersion "1"]
[SourceVersionDate "2007.11.01"]
[SourceQuality "1"]

1. Nf3 Nf6 2. d4 c5 3. c3 d5 4. Bg5 Ne4 5. h4 Qb6 6. Qc1 Nc6 7. e3 Bg4 8. Nbd2 Nxd2 9. Qxd2 Bxf3 10. gxf3 f6 11. Bf4 e5 12. dxe5 fxe5 13. Bg3 0-0-0 14. Bh3+ Kb8 15. 0-0 Be7 16. Rfd1 Ka8 17. Qc2 h5 1/2-1/2

[Event "Berlin op 06"]
[Site "Berlin"]
[Date "2004.06.12"]
[Round "3"]
[White "Spiess, Gregor"]
[Black "Bleicher, Eiko"]
[Result "0-1"]
[WhiteElo "1176"]
[BlackElo "1782"]
[PlyCount "20"]
[EventDate "2004.06.11"]
[EventType "swiss"]
[EventRounds "5"]
[EventCountry "GER"]
[SourceTitle "EXT 2007"]
[Source "ChessBase"]
[SourceDate "2006.11.23"]
[SourceVersion "1"]
[SourceVersionDate "2006.11.23"]
[SourceQuality "1"]

1. d4 d5 2. c4 e6 3. Nc3 Nf6 4. Bg5 Nbd7 5. e3 c6 6. Nf3 Qa5 7. a3 Ne4 8. Qc2 a6 9. b4 Bxb4 10. Rc1 Bxc3+ 0-1

[Event "Berlin-ch U14"]
[Site "Berlin"]
[Date "2004.02.02"]
[Round "2"]
[White "Nekrasova, Kateryna"]
[Black "Spiess, Gregor"]
[Result "1/2-1/2"]
[WhiteElo "1311"]
[BlackElo "1050"]
[PlyCount "28"]
[EventDate "2004.04.??"]
[EventType "swiss"]
[EventRounds "7"]
[EventCountry "GER"]
[SourceTitle "EXT 2005"]
[Source "ChessBase"]
[SourceDate "2004.11.15"]
[SourceVersion "1"]
[SourceVersionDate "2004.11.15"]
[SourceQuality "1"]

1. e4 e6 2. d4 c5 3. Nf3 cxd4 4. Nxd4 Nc6 5. Be3 Nf6 6. Nc3 d5 7. f3 Bb4 8. e5 Nxd4 9. Bxd4 Bxc3+ 10. Bxc3 Nd7 11. Bd3 0-0 12. 0-0 Nc5 13. Be2 Re8 14. Bd4 b6 1/2-1/2